Statistics for Guess the Taylor Swift Song

Click here to take the quiz!

General Stats

  • This quiz has been taken 57 times
  • The average score is 231 of 285

Answer Stats

Answer% Correct
I
100%
you
100%
me
98%
if
96%
If
96%
is
96%
a
94%
go
94%
The
94%
the
94%
to
94%
your
94%
do
92%
it
92%
then
92%
And
90%
and
90%
in
90%
my
90%
was
90%
where
90%
who
90%
be
88%
on
88%
us
88%
you're
88%
all
86%
never
86%
of
86%
that
86%
this
86%
with
86%
can't
84%
did
84%
for
84%
I'm
84%
like
84%
they
84%
why
84%
At
82%
at
82%
know
82%
mine
82%
our
82%
But
80%
Oh
80%
out
80%
time
80%
as
78%
could've
78%
feel
78%
I'd
78%
now
78%
should've
78%
would've
78%
Would've
78%
danced
76%
devil
76%
stayed
76%
wish
76%
you'd
76%
away
73%
back
73%
damn
73%
down
73%
first
73%
from
73%
knees
73%
left
73%
nineteen
73%
way
73%
about
71%
ghosts
71%
ChorusGod
71%
gone
71%
grown
71%
looked
71%
man
71%
memories
71%
scared
71%
sure
71%
used
71%
wondering
71%
glance
69%
got
69%
let
69%
made
69%
pain
69%
weapons
69%
won't
69%
heaven
67%
important
67%
matter
67%
mind
67%
regret
67%
some
67%
truth
67%
boredom
65%
child
65%
close
65%
death
65%
die
65%
fight
65%
girlhood
65%
hands
65%
honest
65%
Living
65%
miss
65%
only
65%
pray
65%
promising
65%
rest
65%
saved
65%
wash
65%
along
63%
banners
63%
chance
63%
give
63%
glass
63%
hurts
63%
paint
63%
sleep
63%
soul
63%
thrill
63%
touched
63%
windows
63%
years
63%
god's
61%
hitting
61%
lord
61%
played
61%
poison
61%
spit
61%
splatter
61%
stained
61%
tasted
61%
tearing
61%
whispered
61%
blinked
59%
crisis
59%
erase
59%
keep
59%
safe
59%
sign
59%
wound
59%
clarity's
57%
righteous
57%
tried
57%
waiting
57%
faith
55%
tomb
55%
blushed
47%

Score Distribution

Percentile by Number Answered

Percent of People with Each Score

Your Score History

You have not taken this quiz